000 00365nam a2200145Ia 4500
008 230312s9999||||xx |||||||||||||| ||und||
082 _a629.133
_bAVI
100 _aTaylor John W.R.
245 0 _aAIRCRAFT
260 _bPaul Hamlyn
_aLONDON
_c1967
300 _a140
546 _aEng.
650 _aAviation
_vAbout this book , Blame Birds , Fledgelings
942 _cBK
999 _c1216
_d1216